| 000 | 00890nam a22002777a 4500 | ||
|---|---|---|---|
| 001 | 6720 | ||
| 003 | FISKH | ||
| 005 | 20250522115926.0 | ||
| 008 | 250522b cb ||||| |||| 00| 0 eng d | ||
| 020 | _a9781435831230 | ||
| 040 |
_aFISKH _beng _cFISKH _dFISKH |
||
| 050 | _aQH541.S35 K56 | ||
| 082 | _a577.69 | ||
| 100 | _aKing, Zelda | ||
| 245 |
_aExamining tide pool habitats / _c Zelda King |
||
| 260 |
_aNew York : _bPower Kids Press, _c2009 |
||
| 300 |
_a24 pages : _bcolor illustrations ; _c23 cm |
||
| 490 | _aGraphic Organizers: Habitats | ||
| 505 | _aR | ||
| 520 | _aThe vibrant animals and plants of tide pools are dynamically presented through graphic organizers, accessible text, and colorful photographs. | ||
| 521 | 8 |
_a660
_bLexile estimate |
|
| 521 | 8 |
_aR
_bRaz-PlusKSP |
|
| 650 |
_aHabitats-Ocean _vLife science |
||
| 942 |
_2ddc _cBK _n0 |
||
| 999 |
_c6720 _d6720 |
||